Air power in the next war, (Record no. 552588)
[ view plain ]
| 000 -LEADER | |
|---|---|
| fixed length control field | 00615cam a2200205 4500 |
| 082 ## - DEWEY DECIMAL CLASSIFICATION NUMBER | |
| Classification number | 358.4 |
| Author Mark | SPA |
| -- | D |
| 100 1# - MAIN ENTRY--PERSONAL NAME | |
| Personal name | Spaight, J. M. |
| 9 (RLIN) | 49842 |
| 245 10 - TITLE STATEMENT | |
| Title | Air power in the next war, |
| Statement of responsibility, etc. | by J. M. Spaight. |
| 260 ## - PUBLICATION, DISTRIBUTION, ETC. | |
| Place of publication, distribution, etc. | London, |
| Name of publisher, distributor, etc. | G. Bles |
| Date of publication, distribution, etc. | [1938] |
| 300 ## - PHYSICAL DESCRIPTION | |
| Extent | viii p., 1 l., 181 [1] p. |
| Dimensions | 21 cm. |
| 490 1# - SERIES STATEMENT | |
| Series statement | The next war |
| 500 ## - GENERAL NOTE | |
| General note | "First published in 1938." |
| 526 ## - STUDY PROGRAM INFORMATION NOTE | |
| Program name | 0 |
| Interest level | 0 |
| Reading level | 0 |
| Title point value | 358_400000000000000_SPA |
| 650 #0 - SUBJECT ADDED ENTRY--TOPICAL TERM | |
| Topical term or geographic name entry element | Aeronautics, Military. |
| 9 (RLIN) | 49493 |
| 650 #0 - SUBJECT ADDED ENTRY--TOPICAL TERM | |
| Topical term or geographic name entry element | Bombardment. |
| 9 (RLIN) | 49843 |
| 650 #0 - SUBJECT ADDED ENTRY--TOPICAL TERM | |
| Topical term or geographic name entry element | MCE |
| 9 (RLIN) | 379 |
| 650 #0 - SUBJECT ADDED ENTRY--TOPICAL TERM | |
| Topical term or geographic name entry element | War. |
| 650 #0 - SUBJECT ADDED ENTRY--TOPICAL TERM | |
| Topical term or geographic name entry element | World War, 1914-1918 |
| General subdivision | Aerial operations. |
| 9 (RLIN) | 49588 |
| 942 ## - ADDED ENTRY ELEMENTS (KOHA) | |
| Source of classification or shelving scheme | |
| Koha item type | Book |
| Withdrawn status | Lost status | Source of classification or shelving scheme | Damaged status | Not for loan | Permanent Location | Current Location | Shelving location | Date acquired | Total Checkouts | Full call number | Barcode | Date last seen | Price effective from | Koha item type |
|---|---|---|---|---|---|---|---|---|---|---|---|---|---|---|
| Military College of Engineering (MCE) | Military College of Engineering (MCE) | 01/19/2015 | 358.4 SPA | MCE-ECA/70 | 01/19/2015 | 01/19/2015 | Book |
